Statistiken für Alexander Marcus - Italia Lyrics

Klicken Sie hier um das Quiz zu spielen!

Allgemein

  • Dieses Quiz wurde 10 mal gespielt
  • Das Durchschnittsergebnis liegt bei 66 aus 148

Antwortstatistiken

Italia% Korrekt
Italia
88%
Croatia
75%
es
63%
für
63%
Für
63%
Ibiza
63%
Madeira
63%
'ne
63%
sie
63%
Sie
63%
Arosa
50%
Bahama
50%
Espana
50%
ist
50%
so
50%
auf
38%
aus
38%
fliegt
38%
gebucht
38%
geht
38%
geschafft
38%
hat
38%
hat's
38%
in
38%
In
38%
Jet
38%
mit
38%
'nem
38%
Party
38%
Photoshoot
38%
und
38%
Und
38%
weg
38%
Weg
38%
Besteck
25%
Calamarati
25%
dann
25%
dem
25%
den
25%
des
25%
einen
25%
erkoren
25%
gefragt
25%
genug
25%
gibt
25%
girl
25%
gutem
25%
Hause
25%
höher
25%
ihren
25%
im
25%
immer
25%
Jahres
25%
jeden
25%
Jetzt
25%
Julio
25%
kennt
25%
kommt
25%
sich
25%
Sohn
25%
Tag
25%
Uhr
25%
Vernissage
25%
von
25%
Wenn
25%
wurd'
25%
Zum
25%
15
13%
allem
13%
Als
13%
danach
13%
Fashion
13%
grad
13%
modern
13%
Nach
13%
Paris
13%
Store
13%
Studio
13%
suchte
13%
Um
13%
weit
13%
gleich
0%
trainiert
0%
verliebt
0%
zurückkam
0%

Verteilung der Resultate

Perzentil nach korrekt beantworteten Fragen

Anzahl Personen mit jedem Resultat

Ihre Resultats-Entwicklung

Sie haben dieses Quiz noch nicht gespielt